000 00269nam a22000977a 4500
999 _c263775
_d263774
020 _a9781338238525
100 _a Patricia Brennan Demuth
245 _aWhat was D-Day?
260 _aNew York
_b Grosset & Dunlap, an imprint of Penguin Group (USA) LLC
_c 2015
942 _cBK